000 00341nam a2200133Ia 4500
008 151001s9999||||xx |||||||||||||| ||und||
100 _aशैल सस्केना
245 _aनिर्वासित कर्ण
250 _a1
260 _bअभिव्यक्ती
260 _c2012
300 _a88
365 _b21
999 _c999465
_d999462